000 00580nam a22001937a 4500
999 _c4313
_d4313
003 GBCCL
005 20241126110515.0
008 180118b xxu||||| |||| 00| 0 eng d
040 _cgbc
082 _aVER 232.955
_bHAR
100 _aHargreaves, Cecil
_94225
245 _aIsua Thiltihmakte (The Miracles of Jesus) /
_cCecil Hargreaves
260 _bThe Regional Theological Literature Committee,
_aAizawl:
_c1976
300 _a257 p.;
_c22 cm.
440 _aLushai Theological Book Series
_v15
_98138
650 _aMiracles
_93104
650 _aChristology
_93014
942 _2ddc
_cBK